| 000 | 00379nam a22001577a 4500 | ||
|---|---|---|---|
| 020 | _a9788126527311 | ||
| 082 | _a519.6 CHO | ||
| 100 | _aEdwin K. P. Chong | ||
| 245 | _aAn introduction to optimization, | ||
| 250 | _a2nd ed. | ||
| 260 |
_aNew Delhi _bWiley _c2013 |
||
| 300 |
_a476p. _bill.: |
||
| 650 | _aMathematical optimization | ||
| 700 | _aStanislaw H. Zak | ||
| 942 | _cBK | ||
| 999 |
_c13488 _d13488 |
||